000 00671nam a2200241Ia 4500
003 OSt
005 20220928113610.0
006 a|||||r|||| 00| 0
007 ta
008 220927b |||||||| |||| 00| 0 eng d
024 _a40745
037 _cTextual
040 _aSDCL
_cSDCL
_beng
041 _2eng
_aeng
082 _aR:(P), N1
100 _aCooper Neil Ed.
_9434007
245 0 _aNew inquiries into meaning and truth.
260 _aNew York
_b Harvaster Wheatsheaf
_c1991
300 _avii,220p.
_ccm.
700 _a Engel Pascal Ed.
_9434008
942 _hR:(P), N1
_cTEXL
_2CC
999 _c750406
_d750406